Visits to Saints of India/ (Record no. 209716)

MARC details
000 -LEADER
fixed length control field 00590nam a22001937a 4500
005 - DATE AND TIME OF LATEST TRANSACTION
control field 20250225115414.0
010 ## - LCCN (DPL NO)
LC control number ENG-143897
020 ## - INTERNATIONAL STANDARD BOOK NUMBER
Terms of availability 150.00
International Standard Book Number 9788189430245
035 ## - SYSTEM CONTROL NUMBER
System control number EN-127429
037 ## - SOURCE OF ACQUISITION
Source of stock number/acquisition DBAD/PUB
082 ## - DEWEY DECIMAL CLASSIFICATION NUMBER
Classification number N
100 ## - MAIN ENTRY--PERSONAL NAME
Personal name Kriyananda Swami
245 ## - TITLE STATEMENT
Title Visits to Saints of India/
Statement of responsibility, etc Swami Kriyananda;
Medium English
250 ## - EDITION STATEMENT
Edition statement 1
260 ## - PUBLICATION, DISTRIBUTION, ETC. (IMPRINT)
Place of publication, distribution, etc Gurgaon,
Name of publisher, distributor, etc Ananda Sangha Publications (P) Ltd
Date of publication, distribution, etc 2007
270 ## - ADDRESS
City Gurgaou
Address B-10/8 DLF city Phase 1 Gurgaon, Haryana
Postal code 122002
Telephone number 9899267698
-- 91-0124-405-9550
300 ## - PHYSICAL DESCRIPTION
Extent 175pg.
Dimensions 21cm(pbk)
942 ## - ADDED ENTRY ELEMENTS (KOHA)
Source of classification or shelving scheme Dewey Decimal Classification
Item type English Books
Classification part N
Call number suffix KRI
Holdings
Withdrawn status Lost status Not for loan Collection code Home library Current library Date acquired Source of acquisition Cost, normal purchase price Full call number Barcode Copy number Cost, replacement price Koha item type
      Fiction Central Library Central Library 25/02/2025 DBAD 150.00 N KRI EN-127429 1 150.00 English Books

© Delhi Public Library
Hit Counter
free hit counter